<?xml version="1.0" encoding="UTF-8"?>
<marc:record xmlns:marc="http://www.loc.gov/MARC21/slim">
   <marc:leader>00000nam a2200000 a 4500</marc:leader>
   <marc:datafield ind1="0" ind2="0" tag="245">
      <marc:subfield code="a">Eine Insel voller Abenteuer [Bildtonträger]</marc:subfield>
   </marc:datafield>
   <marc:datafield ind1=" " ind2="1" tag="264">
      <marc:subfield code="b">FM Kids</marc:subfield>
      <marc:subfield code="c">2017</marc:subfield>
   </marc:datafield>
   <marc:datafield ind1="1" ind2=" " tag="490">
      <marc:subfield code="a">Feuerwehrmann Sam</marc:subfield>
   </marc:datafield>
   <marc:datafield ind1="1" ind2=" " tag="520">
      <marc:subfield code="a">Feuerwehrmann Sam ist im Einsatz auf Pontypandy Eiland! Trevor nimmt die Pontypandy Pfadfinder mit zu einem Tagesausflug auf die Insel vor der Küste Pontypandys. In ihrem Eifer die Insel zu erkunden, vergessen die Pfadfinder ihr Boot zu befestigen, welches kurze Zeit später auf dem Meer treibt und sie am Strand zurücklässt.James hat sein &#x84;Wie wird man ein großer Entdecker&#x93;-Buch bei sich und liest daraus, wie mandurch Rauchzeichen das Notsignal SOS erzeugt. Allerdings als Norman es ausprobiert löst ergleich einen Buschbrand aus. Werden Trevor und die Kinder rechtzeitig von der Insel herunterkommen, bevor die Flammen überhand nehmen?</marc:subfield>
   </marc:datafield>
   <marc:datafield ind1=" " ind2=" " tag="020">
      <marc:subfield code="a">4260264434973</marc:subfield>
      <marc:subfield code="9">4260264434973</marc:subfield>
   </marc:datafield>
   <marc:datafield ind1=" " ind2=" " tag="500">
      <marc:subfield code="a">Deutsch, Englisch</marc:subfield>
   </marc:datafield>
   <marc:datafield ind1="0" ind2=" " tag="490">
      <marc:subfield code="v">0</marc:subfield>
   </marc:datafield>
   <marc:datafield ind1=" " ind2=" " tag="300">
      <marc:subfield code="a">1 DVD (50 Min., Ländercode 2): farbig</marc:subfield>
   </marc:datafield>
</marc:record>
